000 00573nam a2200205 4500
003 OSt
005 20180207135933.0
008 140723b xxu||||| |||| 00| 0 eng d
020 _a0721651224
040 _c040a
082 _aQZ 150 K96r 1997
100 _aKumar, Vinay; Ramzi, S Contraan; Stanley, L Robbins
_9677
245 _aBasic Pathology
250 _a6th.ed.
260 _aPhiladelphia;
_bW.B Saunders,
_c1997
300 _axii, 7759;
_bcol.ill :
_c28cm .
504 _aincludes bibliographic references and index
650 _aPathology
_937
942 _2z
_cB_BANK
999 _c274
_d274